| 000 | 00923nam0a22002651 4500 | ||
|---|---|---|---|
| 001 | rc\4153325 | ||
| 005 | 20250611111940.0 | ||
| 021 |
_aRU _b[54-35190] |
||
| 035 | _a(NLR Aleph) 008171444 | ||
| 090 |
_a7857212 _c7857212 |
||
| 100 | _a20130415d1954 |||y0rusy50 ca | ||
| 101 | 0 | _arus | |
| 102 | _aRU | ||
| 105 | _aa z ||||| | ||
| 200 | 1 |
_aМой опыт организации труда на свиноферме _e[Колхоз им. Маленкова, Сыктывдин. района] |
|
| 210 |
_aСыктывкар _cКоми кн. изд-во _d1954 |
||
| 215 |
_a23 с. _cил. _d20 |
||
| 225 | 1 | _aКандидаты на ВСХВ | |
| 606 |
_aСвиноводческие фермы _xОрганизация труда _yКоми АССР _2psbo |
||
| 700 | 1 |
_aСивергина _bА.Н. |
|
| 801 | 0 |
_aRU _bNLR _gpsbo |
|
| 801 | 1 |
_aRU _bELAR _2rusmarc |
|
| 852 |
_aNLR _jС90 Г-4/2545 |
||
| 942 | _cBOOK | ||
| 980 | _aNB | ||